Les Classique Disney/Pixar Sortie entre 2000 et 2005 - Statistiques

Statistiques générales
  • Ce quiz a été pris 5 fois
  • Le résultat moyen est 21 sur 29
Statistiques - réponses
Indice Réponse % Correct
Février 2002 Cendrillon 2, Une Vie de Princesse
100%
Septembre 2000 La petite sirène 2, Les Sportifs de l'Extrème
100%
Novembre 2005 Kuzco 2, King Kronk
100%
Décembre 2000 Kuzco, L'Empereur Mégalo
100%
Avril 2004 La Ferme se Rebelle
100%
Mai 2003 Le Monde de Nemo
100%
Novembre 2004 Les Indestructibles
100%
Février 2002 Peter pan 2, Retour Au Pays Imaginaire
100%
Juin 2001 Atlantide, L'Empire Perdu
80%
Novembre 2005 Chicken Little
80%
Novembre 2002 La Planète au trésor, Un Nouvel Univers
80%
Février 2004 Le Roi lion 3, Hakuna Matata
80%
Août 2005 Lilo et Stitch 2, Hawaii, nous avons un problème !
80%
Juin 2002 Lilo et Stitch
80%
Octobre 2001 Monstres et Cie
80%
Juin 2005 Tarzan 2, L'Enfance d'un Héros
80%
Février 2000 Dingo et Max 2
60%
Mai 2000 Dinosaure
60%
Janvier 2002 Le Bossu de Notre-Dame 2, Le Secret de Quasimodo
60%
Février 2000 Les Aventures de Tigrou
60%
Novembre 2003 Frère des Ours
60%
Février 2001 La Belle et le Clochard 2, L'appel de la Rue
60%
Mars 2004 Les Aventures de Petit Gourou
60%
Mars 2003 Les Aventures de Porcinet
60%
Février 2003 Le livre de la jungle 2
40%
Novembre 2002 Les 101 Dalmatiens 2, Sur les Trace des Héros
40%
Novembre 2004 Mulan 2, La Mission de L'Empereur
40%
Février 2005 Winnie l'ourson et l'Efélant
40%
Août 2004 Mickey Donald Dingo les 3 Mousquetaires
20%
Aucun quiz correspondant
Distribution des résultats
% des personnes avec chaque résultat
Percentile par nombre de réponses
Votre historique - résultats
Vous n’avez pas pris ce quiz